000 00679nam a2200229 a 4500
999 _c6870
_d6870
001 6870
003 BD-JhCC
005 20230205134024.0
008 171012s2008 bg |||| ||a| 000 0 ben d
020 _a9847011400389
035 _a(BD-JhCC)6870
040 _aBD-JhCC
_dBD-JhCC
041 _aben
082 _a891.443
_bMIL 2008
100 _aমিলন, ইমদাদুল হক
245 _aনায়িকার নাম আয়না /
_cইমদাদুল হক মিলন
260 _aঢাকা :
_bসময় প্রকাশন,
_c2008.
300 _a79 p. :
_c21 cm.
650 _aBengali Novel
942 _2ddc
_cBK
_05